Statistiche per Indovina la regione!

Clicka qui per fare il quiz!

Statistiche generali

  • Questo quiz è stato fatto 71 volte
  • Il punteggio medio è 5 su 8

Statistiche sulle risposte

HintRisposta% Corretto
Si trova la sorgente del fiume più lungo d’ItaliaPiemonte
97%
Vi ci cresce il BergamottoCalabria
71%
Contiene la chiesa gotica più grande al mondoLombardia
71%
E’ difficile trovare una spiaggia “libera” in questa regione:Toscana
63%
In antichità lungo le strade della città era facile trovare i Lixae, ovvero i venditori ambulanti che offrivano cibi ai passanti tra cui pane e frittelle.Lazio
54%
Vi si trova la famosa “Fontana dei matti”Umbria
53%
Vi si trova il giardino botanico più alto d’EuropaValle D'aosta
51%
La regione più ricca di castelli medievaliMolise
44%

Distribuzione punteggi

Percentile per numero di risposta

Percentuale di utenti per punteggio

I tuoi punteggi nel tempo

Non hai fatto questo quiz